<?xml version="1.0" encoding="UTF-8"?>
<record
    xmlns:xsi="http://www.w3.org/2001/XMLSchema-instance"
    xsi:schemaLocation="http://www.loc.gov/MARC21/slim http://www.loc.gov/standards/marcxml/schema/MARC21slim.xsd"
    xmlns="http://www.loc.gov/MARC21/slim">

  <leader>01223nam a2200157   4500</leader>
  <controlfield tag="008">707 C397d</controlfield>
  <datafield tag="020" ind1=" " ind2=" ">
    <subfield code="a">9789930965207</subfield>
  </datafield>
  <datafield tag="082" ind1=" " ind2=" ">
    <subfield code="a">707</subfield>
    <subfield code="b">C397d</subfield>
  </datafield>
  <datafield tag="100" ind1=" " ind2=" ">
    <subfield code="a">Centro Cultural de Espa&#xF1;a en Costa Rica </subfield>
    <subfield code="9">6957</subfield>
  </datafield>
  <datafield tag="245" ind1=" " ind2=" ">
    <subfield code="a">El detalle</subfield>
  </datafield>
  <datafield tag="260" ind1=" " ind2=" ">
    <subfield code="a">San Jos&#xE9;, Costa Rica</subfield>
    <subfield code="b">Centro Cultural de Espa&#xF1;a en Costa Rica</subfield>
    <subfield code="c">2018</subfield>
  </datafield>
  <datafield tag="300" ind1=" " ind2=" ">
    <subfield code="a">72 p. </subfield>
    <subfield code="b">ill</subfield>
    <subfield code="c">26 x 20 cm</subfield>
  </datafield>
  <datafield tag="505" ind1=" " ind2=" ">
    <subfield code="t">Cualquier instituci&#xF3;n cultural contempor&#xE1;nea deber&#xED;a proporcionar lo que fuese necesario para evaluar cr&#xED;ticamente a la sociedad en la que se inscriba</subfield>
    <subfield code="r">N&#xFA;ria G&#xFC;ell</subfield>
    <subfield code="t">H&#xE1;bitos de aprendizaje y pr&#xE1;cticas pedag&#xF3;gicas afectivas o, Historia pol&#xED;tica de un girasol</subfield>
    <subfield code="r">Luis A. Rojas </subfield>
    <subfield code="t">Saberes realmente &#xFA;tiles: Una construcci&#xF3;n colectiva</subfield>
    <subfield code="r">Antonieta Sibaja </subfield>
    <subfield code="t">Blanca pintura: Interceptar, orientar, controlar</subfield>
    <subfield code="r">Carlos Aguilar </subfield>
    <subfield code="t">Crimen y castigo </subfield>
    <subfield code="r">Jos&#xE9; Fallas &amp; N&#xFA;ria G&#xFC;ell </subfield>
    <subfield code="t">Diccionario de cuestiones no cuestionadas </subfield>
    <subfield code="r">Mar&#xED;a Annette Miralles </subfield>
    <subfield code="t">Curador, curadur&#xED;a, mediaci&#xF3;n </subfield>
    <subfield code="r">Erno Hilarion</subfield>
    <subfield code="t">Mar&#xED;a en subasta</subfield>
    <subfield code="r">An&#xF3;nimo </subfield>
    <subfield code="t">Casi nada funciona: Administraci&#xF3;n de ninguna exposici&#xF3;n</subfield>
    <subfield code="r">Carlos A. Segura (editor)</subfield>
  </datafield>
  <datafield tag="650" ind1=" " ind2=" ">
    <subfield code="x">arte contempor&#xE1;neo </subfield>
    <subfield code="x">curadur&#xED;a </subfield>
    <subfield code="x">arte - investigaci&#xF3;n</subfield>
    <subfield code="x">arte - educaci&#xF3;n</subfield>
    <subfield code="9">6958</subfield>
  </datafield>
  <datafield tag="700" ind1=" " ind2=" ">
    <subfield code="a">Carlos A. Segura (editor) </subfield>
    <subfield code="9">6959</subfield>
  </datafield>
  <datafield tag="999" ind1=" " ind2=" ">
    <subfield code="c">1748</subfield>
    <subfield code="d">1748</subfield>
  </datafield>
  <datafield tag="952" ind1=" " ind2=" ">
    <subfield code="0">0</subfield>
    <subfield code="1">0</subfield>
    <subfield code="2">ddc</subfield>
    <subfield code="4">0</subfield>
    <subfield code="7">0</subfield>
    <subfield code="a">LV</subfield>
    <subfield code="b">LV</subfield>
    <subfield code="c">Gr&#xE1;fica</subfield>
    <subfield code="d">2019-03-14</subfield>
    <subfield code="l">0</subfield>
    <subfield code="o">707 C397d</subfield>
    <subfield code="p">004760</subfield>
    <subfield code="r">2019-03-14 00:00:00</subfield>
    <subfield code="w">2019-03-14</subfield>
    <subfield code="y">01</subfield>
  </datafield>
</record>
